000 00514nam a2200181Ia 4500
999 _c29180
_d29180
003 OSt
005 20201130125917.0
008 190216s9999||||xx |||||||||||||| ||und||
020 _a9788182643697
040 _coclc
082 _a894.8123
_bAFZ/N
100 _aAfzal, Manju R
_97039
245 0 _aNostalgia /
_cManju R Afzal
260 _bMathrubhumi Printing & publishing,
_aKozhikode:
_c2007.
300 _a68p
650 _aNovel
942 _cBK
_2ddc
_h894.8123
_iAFZ/N
_k894.8123
_mAFZ/N